BIBLIOTECA PODER JUDICIAL
Portal Judicial TDF

Jurisprudencia destacada en "Créditos, privilegios y sobreendeudamiento: nuevas miradas sobre el derecho concursal" / (Registro nro. 5645)

000 -LEADER
fixed length control field 01342nab a22002537a 4500
003 - CONTROL NUMBER IDENTIFIER
control field OSt
005 - DATE AND TIME OF LATEST TRANSACTION
control field 20251226212727.0
008 - FIXED-LENGTH DATA ELEMENTS--GENERAL INFORMATION
fixed length control field 190603e xxum|||| |||| 00| 0 spa d
040 ## - CATALOGING SOURCE
Transcribing agency PJ
100 ## - MAIN ENTRY--PERSONAL NAME
9 (RLIN) 6455
Personal name Linovich, Jonathan
245 10 - TITLE STATEMENT
Title Jurisprudencia destacada en "Créditos, privilegios y sobreendeudamiento: nuevas miradas sobre el derecho concursal" /
Statement of responsibility, etc Jonathan Linovich.
260 ## - PUBLICATION, DISTRIBUTION, ETC. (IMPRINT)
Date of publication, distribution, etc Ciudad Autónoma de Buenos Aires :
Place of publication, distribution, etc Thomson Reuters La Ley,
Name of publisher, distributor, etc 2025.
300 ## - PHYSICAL DESCRIPTION
Extent p. 128-129
500 ## - GENERAL NOTE
General note Cita: TR LALEY AR/DOC/1044/2025 <br/>Publicado en: RCCyC 2025 (junio).
505 ## - FORMATTED CONTENTS NOTE
Formatted contents note Sumario: I. Atribución del uso de la vivienda y quiebra del excónyuge.— II. Pequeño concurso.— III. Gastos y honorarios en proceso de quiebra.— IV. Pequeña quiebra.— V. Beneficio de litigar sin gastos.— VI. Inejecutabilidad de inmueble en la quiebra.— VII. Convenio OIT 173.
505 ## - FORMATTED CONTENTS NOTE
Title ¿Te interesa el texto completo? Solicitalo al correo: koha@justierradelfuego.gov.ar
650 #0 - SUBJECT ADDED ENTRY--TOPICAL TERM
9 (RLIN) 1497
Topical term or geographic name as entry element CODIGO CIVIL Y COMERCIAL
650 #0 - SUBJECT ADDED ENTRY--TOPICAL TERM
9 (RLIN) 1753
Topical term or geographic name as entry element CONCURSO PREVENTIVO
650 #0 - SUBJECT ADDED ENTRY--TOPICAL TERM
9 (RLIN) 1737
Topical term or geographic name as entry element CONCURSOS
650 #0 - SUBJECT ADDED ENTRY--TOPICAL TERM
Topical term or geographic name as entry element QUIEBRA
9 (RLIN) 1739
650 #0 - SUBJECT ADDED ENTRY--TOPICAL TERM
Topical term or geographic name as entry element JURISPRUDENCIA APLICABLE
9 (RLIN) 1057
773 0# - HOST ITEM ENTRY
Host Biblionumber 2713
Host Itemnumber 3170
Place, publisher, and date of publication Ciudad Autónoma de Buenos Aires : Thomson Reuters La Ley, 2015-
Title Revista Código Civil y Comercial. Nº 3 - Junio 2025
942 ## - ADDED ENTRY ELEMENTS (KOHA)
Source of classification or shelving scheme
Koha item type Analítica Artículo de Revista

No hay ítems disponibles.

12 de Octubre 789 Ushuaia - Tel:  54(02901)441571
Horario de Atención: 8.00 a 17.00 hs. 
bibliotecaush@justierradelfuego.gov.ar
koha@justierradelfuego.gov.ar
Seguinos en nuestras redes @bibliojustdf 

Con tecnología Koha